000 00257nam a2200097Ia 4500
005 20251222114413.0
008 251222s1900||||xx |||||||||||||| ||spa||
082 _aDVD0060/F81/2006/Ej.2
245 4 _aThe devil wears prada:El diablo viste a la moda
942 _cDVD
999 _c2125
_d2125